ELEMENTS TO MEMORIZE - Statistics

General Stats
  • This quiz has been taken 5 times
  • The average score is 41 of 44
Answer Stats
Element Symbol % Correct
Aluminum Al
100%
Argon Ar
100%
Boron B
100%
Barium Ba
100%
Bromine Br
100%
Carbon C
100%
Calcium Ca
100%
Chlorine Cl
100%
Cobalt Co
100%
Chromium Cr
100%
Flourine F
100%
Hydrogen H
100%
Helium He
100%
Iodine I
100%
Potassium K
100%
Krypton Kr
100%
Lithium Li
100%
Magnesium Mg
100%
Manganese Mn
100%
Nitrogen N
100%
Neon Ne
100%
Nickel Ni
100%
Oxygen O
100%
Phosphorous P
100%
Radium Ra
100%
Radon Rn
100%
Sulfur S
100%
Silicon Si
100%
Strontium St
100%
Titanium Ti
100%
Uranium U
100%
Vanadium V
100%
Xenon Xe
100%
Zinc Zn
100%
Copper Cu
80%
Sodium Na
80%
Tin Sn
80%
Silver Ag
60%
Gold Au
60%
Iron Fe
60%
Mercury Hg
60%
Lead Pb
60%
Platinum Pt
60%
Tungsten W
60%
No matching quizzes found
Score Distribution
Percent of People with Each Score
Percentile by Number Answered
Your Score History
You have not taken this quiz